| 000 | 00492nam a2200157 i 4500 | ||
|---|---|---|---|
| 001 | 56966 | ||
| 003 | ES-MaACL | ||
| 005 | 20230906163503.0 | ||
| 007 | t| | ||
| 008 | 031014s1914 ag ||||1| spa d | ||
| 100 | 1 |
_aDobranich, Horacio H. _944942 |
|
| 245 | 1 | 0 |
_aConferencia enigmático-modernista pronunciado por Don Zapateca de Alcornoque y Abcdul / _cHoracio H. Dobranich. |
| 260 |
_aBuenos Aires : _bLibreria Bonnati, _c1914. |
||
| 300 |
_a7 p. ; _c21 cm. |
||
| 852 |
_aES-MaACL _j1516-F-14 |
||
| 999 |
_c56966 _d56966 |
||